000 00706nam a2200229Ii 4500
003 JO-AjNU
008 230605s9999||||xx |||||||||||||| ||und||
017 _a1985/5888
020 _a977-04-203-6
040 _aJO-AjNU
_bara
_erda
_cJO-AjNU
041 _aara
050 1 4 _aKMM500.1984
100 3 _a مأمون، عبد الرشيد ,
_eauthor
_947014
245 0 0 _aالمسئولية العقدية عن فعل الغير
250 _a(د،ط)
264 3 1 _aالقاهرة : جامعة القاهرة ، 1984
300 _a227ص
336 _atext
_btxt
_2rdacontent
337 _aunmediated
_bn
_2rdamedia
338 _avolume
_bnc
_2rdacarrier
650 4 _aالقانون المدني
_947015
999 _aA20494
_c24062
_d24062